书目信息 |
| 题名: |
电子信息技术基础实验
|
|
| 作者: | 龙宪惠 , 龙建忠 主编 | |
| 分册: | ||
| 出版信息: | 成都 四川大学出版社 2008.09 |
|
| 页数: | 276页 | |
| 开本: | 26cm | |
| 丛书名: | ||
| 单 册: | ||
| 中图分类: | TN01 | |
| 科图分类: | ||
| 主题词: | 电子技术--dian zi ji shu--实验--教材 | |
| 电子资源: | ||
| ISBN: | 978-7-5614-4143-5 | |
| 000 | 00895nam0 2200253 450 | |
| 001 | 012009070456 | |
| 005 | 20090622151506.17 | |
| 010 | @a978-7-5614-4143-5@dCNY32.00 | |
| 100 | @a20090622d2008 em y0chiy0120 ea | |
| 101 | 0 | @achi |
| 102 | @aCN@b510000 | |
| 105 | @aa a 000yy | |
| 106 | @ar | |
| 200 | 1 | @a电子信息技术基础实验@Adian zi xin xi ji shu ji chu shi yan@f龙宪惠, 龙建忠主编@Flong xian hui,long jian zhong zhu bian |
| 210 | @a成都@c四川大学出版社@d2008.09 | |
| 215 | @a276页@c图@d26cm | |
| 320 | @a有书目 (第276页) | |
| 330 | @a本书主要内容包括:电路理论实验基础,电路理论基本实验,电路综合设计实验,系统介绍,基本实验数字电子综合设计性实验等。 | |
| 606 | 0 | @a电子技术@Adian zi ji shu@x实验@j教材 |
| 690 | @aTN01@v4 | |
| 701 | 0 | @a龙宪惠@Along xian hui@4主编 |
| 701 | 0 | @a龙建忠@Along jian zhong@4主编 |
| 801 | 0 | @aCN@bQSSK@c20090622 |
| 905 | @b745838-40@dTN01@eL766@f3 | |
| 电子信息技术基础实验/龙宪惠, 龙建忠主编.-成都:四川大学出版社,2008.09 |
| 276页:图;26cm |
| ISBN 978-7-5614-4143-5:CNY32.00 |
| 本书主要内容包括:电路理论实验基础,电路理论基本实验,电路综合设计实验,系统介绍,基本实验数字电子综合设计性实验等。 |
| ● |
| 相关链接 |
|
|
|
正题名:电子信息技术基础实验
索取号:TN01/L766
 
预约/预借
| 序号 | 登录号 | 条形码 | 馆藏地/架位号 | 状态 | 备注 |
| 1 | 745838 | 207458384 | 自科库301/301自科库 23排4列5层/ [索取号:TN01/L766] | 在馆 | |
| 2 | 745839 | 207458393 | 自科库301/301自科库 17排2列1层/ [索取号:TN01/L766] | 在馆 | |
| 3 | 745840 | 207458400 | 自科库301/301自科库 23排4列5层/ [索取号:TN01/L766] | 在馆 |